Giảng văn chọn lọc văn học Việt nam

Giới thiệu các tác phẩm, đoạn trích những bài giảng văn hay của các tác giả quen viết. Nội dung là các tác phẩm văn học dân gian, văn học cổ, cận đại và văn học hiện đại.

Guardat en:
Dades bibliogràfiques
Autor principal: Trần, Đình Sử
Format: Llibre
Idioma:Undetermined
Publicat: Hà Nội Văn học 2011
Matèries:
Etiquetes: Afegir etiqueta
Sense etiquetes, Sigues el primer a etiquetar aquest registre!
Thư viện lưu trữ: Trung tâm Học liệu Trường Đại học Cần Thơ
LEADER 00991nam a2200217Ia 4500
001 CTU_176228
008 210402s9999 xx 000 0 und d
020 |c 99000 
082 |a 807 
082 |b S550 
100 |a Trần, Đình Sử 
245 0 |a Giảng văn chọn lọc văn học Việt nam 
245 0 |c Trần Đình Sử 
260 |a Hà Nội 
260 |b Văn học 
260 |c 2011 
520 |a Giới thiệu các tác phẩm, đoạn trích những bài giảng văn hay của các tác giả quen viết. Nội dung là các tác phẩm văn học dân gian, văn học cổ, cận đại và văn học hiện đại. 
650 |a Vietnamese literature,Vietnamese literature,Văn học Việt Nam,Văn học Việt Nam 
650 |x Study and teaching,History and criticism,Dạy và học,Lịch sử và phê bình 
904 |i Năm 
980 |a Trung tâm Học liệu Trường Đại học Cần Thơ